Financial innovation (Record no. 48409)
[ view plain ]
| 000 -LEADER | |
|---|---|
| fixed length control field | 01194nam a2200313Ia 4500 |
| 245 00 - TITLE STATEMENT | |
| Title | Financial innovation |
| 260 ## - PUBLICATION, DISTRIBUTION, ETC. (IMPRINT) | |
| Place of publication | Cambridge, Mass. : |
| Name of publisher | MIT Press, |
| Year of publication | c2013. |
| 300 ## - PHYSICAL DESCRIPTION | |
| Number of Pages | xxii, 252 p. |
| 650 #0 - SUBJECT ADDED ENTRY--TOPICAL TERM | |
| Topical Term | Financial engineering. |
| Topical Term | Financial crises. |
| Topical Term | Finance. |
| 700 1# - ADDED ENTRY--PERSONAL NAME | |
| Personal name | Haliassos, Michael. |
| 856 40 - ELECTRONIC LOCATION AND ACCESS | |
| Uniform Resource Identifier | http://site.ebrary.com/lib/rucke/Doc?id=10640075 |
No items available.
